Представление документа в формате RUSMARC

ПолеНазваниеЗначение
  Тип записи a
  Библиографический уровень m
001 Контрольный номер 1a70ff70bb7843c0bbf7d4b3257caebc
005 Дата корректировки 20150406114322.1
010 Индекс ISBN __
a ISBN 978-5-9916-1567-9
200 Заглавие и сведения об ответственности 1_
a Заглавие Микроэкономика
b Общее обозначение материала Текст
e Сведения, относящиеся к заглавию учебник для бакалавров
205 Сведения об издании __
a Основные сведения об издании 7-е изд., перераб. и доп.
210 Выходные данные 1_
a Место издания М.
c Издательство Юрайт
d Дата издания 2012
215 Физическое описание __
a Объем 543 с.
c Иллюстрации/тип воспроизводства ил.: граф.
225 Серия 2_
a Серия Бакалавр
330 Аннотация __
a Аннотация Рекомендовано Министерством образования и науки РФ в качестве учебника для студентов вузов, обучающихся по экономическим специальностям.
606 Тематические рубрики __
a Основная рубрика Микроэкономика. Мезоэкономика. Макроэкономика. Мегаэкономика
610 Ключевые слова 0_
a Ключевые слова учебники для бакалавров
a Ключевые слова микроэкономика
a Ключевые слова теория производства
a Ключевые слова предложения благ
a Ключевые слова еория потребительского спроса
a Ключевые слова ценообразование
a Ключевые слова конкуренция
a Ключевые слова рынок
a Ключевые слова несовершенная конкуренция
a Ключевые слова факторы производства
a Ключевые слова аллокативная роль государства
a Ключевые слова решение задач
a Ключевые слова экономическое равновесие
a Ключевые слова общественное равновесие
a Ключевые слова внешняя торговля
a Ключевые слова ценообразование
686 Индексы других классификаций __
a Классификационный индекс 65.012.1
2 Код системы rubbk
700 Автор _1
a Фамилия Тарасевич
b Имя Л. С.
701 Альтернативная интеллектуальная ответственность _1
a Фамилия Гребенников
b Имя П. И.
701 Альтернативная интеллектуальная ответственность _1
a Фамилия Леусский
b Имя А. И.
852 Данные о местонахождении __
i Авторский знак Т 191
j Шифр хранения 65.012.1
938 Служебная информация __
a Название организации Волгоградский филиал
b Имя БД Каталог_ВКИ
c Название АИБС АИБС МАРК-SQL
952 Тип литературы __
b Гриф литературы для ВШ гриф МО
c Вид литературы учебник